Một buổi phỏng vấn tuyển dụng điển hình A Successful job interview /
Сохранить в:
| Главный автор: | |
|---|---|
| Другие авторы: | |
| Формат: | CD |
| Язык: | Vietnamese |
| Опубликовано: |
TP.HCM :
Tổng hợp TP.HCM,
2006
|
| Метки: |
Добавить метку
Нет меток, Требуется 1-ая метка записи!
|
| Thư viện lưu trữ: | Thư viện Trường Đại học Đà Lạt |
|---|
| LEADER | 00776nam a2200277 4500 | ||
|---|---|---|---|
| 001 | DLU080062176 | ||
| 005 | ##20070318 | ||
| 040 | # | # | |a DLU |b vie |
| 041 | # | # | |a vie |
| 044 | # | # | |a vn |
| 082 | # | # | |a 428.3 |b RI-J |
| 100 | # | # | |a Ritnimit, Joshua James |
| 245 | # | # | |a Một buổi phỏng vấn tuyển dụng điển hình |h [Đĩa CD-ROM] = |b A Successful job interview / |c Joshua James Ritnimit; Nguyễn Thành Yến dịch |
| 256 | # | # | |a 4 3/4 in. |
| 260 | # | # | |a TP.HCM : |b Tổng hợp TP.HCM, |c 2006 |
| 300 | # | # | |a 1 đĩa CD-ROM ; |c 4 3/4 in. |
| 700 | # | # | |a Nguyễn Thành Yến |
| 992 | # | # | |a 42000 |
| 994 | # | # | |a DLU |
| 900 | # | # | |a True |
| 911 | # | # | |a Nguyễn Xuân Phương |
| 925 | # | # | |a CD |
| 926 | # | # | |a A |
| 927 | # | # | |a CD |
| 980 | # | # | |a Thư viện Trường Đại học Đà Lạt |